000 01087nam a2200313 a 4500
001 000111844
003 CHAP
005 20220329144231.0
008 150922s2015 mx a fsm |||||||spa d
010 _a108305
011 _a109277
040 _cCHAP
090 _aTesis
100 1 _aGómez Ramos, Rigoberto
_9129825
245 1 0 _aProductores y áreas forestales en el estado de Jalisco
_h[En línea]
_cpor Rigoberto Gómez Ramos.
260 _aChapingo, Méx. :
_bEl autor,
_c2015.
500 _aPara ver el contenido del material haga clic en la liga
502 _aTesis (Ing. Forestal ) -- UACH. División de Ciencias Forestales
590 _aE6096MTM
_b05
_c20150922
_lUCH01
_h1443
590 _aE6096MTM
_b05
_c20150922
_lUCH01
_h1444
650 1 4 _aBosques
_xAdministración
_xJalisco.
_914017
650 1 4 _aMadera
_xRendimiento.
_969626
650 1 4 _aProductos forestales
_xJalisco.
_992090
650 1 4 _aRecursos forestales
_xJalisco.
_995051
856 _aFinding aid
_uhttp://10.13.5.2/tesis/sist111844.pdf
_zTeclea aquí
901 _aBK
942 _cTESIS
942 _n0
999 _c108305
_d108305